نظرية المكان في الفلسفة الإسلامية إبن سينا إنموذجآ / (رقم التسجيلة. 122130)

تفاصيل مارك
000 -الفاتح
عناصر البيانات ثابتة الطول 00616cam a2200157 i 4500
005 - تاريخ ووقت آخر معاملة
حقل ضبط 20251113090801.0
008 - عناصر البيانات ثابتة الطول
عناصر البيانات ثابتة الطول 250721s2007 sy gr 000 0 ara d
082 14 - رقم تصنيف ديوي العشري
رقم التصنيف 189.13
رقم المادة ع ب ى
100 1# - مدخل رئيسي – اسم شخصي
الاسم الشخصي العبيدي, حسن مجيد
علاقة الشخص بالعمل/ دوره مؤلف.
245 10 - بيان العنوان
العنوان نظرية المكان في الفلسفة الإسلامية إبن سينا إنموذجآ /
بيان المسؤولية مؤلف.
264 31 - بيانات النشر، التوزيع…إلخ
مكان النشر، التوزيع...إلخ دمشق :
اسم الناشر، الموزع...إلخ دار نينوى للدراسات والنشر والتوزيع،
تاريخ النشر، التوزيع...إلخ 2007.
650 17 - مدخل إضافي بالموضوع - مصطلح موضوعي
مصطلح موضوعي أو اسم جغرافي كعنصر مدخل الفلسفة الإسلامية.
650 17 - مدخل إضافي بالموضوع - مصطلح موضوعي
مصطلح موضوعي أو اسم جغرافي كعنصر مدخل فلسفة ابن سينا.
942 ## - بيانات إضافية (كوها)
نوع التنصيف Dewey Decimal Classification
نوع المادة (كوها) كتب
المقتنيات
حالة السحب حالة الفقدان مصدر التصنيف حالة التلف غير قابل للإعارة المكتبة الرئيسية المكتبة الحالية موقع الرف تاريخ التزويد الرقم المتسلسل Total Checkouts رقم الإستدعاء الباركود تاريخ آخر ظهور تاريخ الفاتورة نوع المادة (كوها)
    Dewey Decimal Classification     المكتبة المركزية المكتبة المركزية الإعارة 28/07/2025 1456143   189.13 / ع ب ي PLD00165520 28/07/2025 28/07/2025 كتب
Implemented & Customized by: BBB with SCIT (Smart Chains for Information Technology)

Powered by Koha